000 01544njm a2200361 c 4500
003 BLK
005 20180422121532.0
008 180410b bul||n||s|||||||| n|bulo|
010 _aCDD00004924000
040 _aBLK
041 _aENG
_cENG
080 _aОткривателски пътешествия. Експедиции
_b910.4
_x(4)(086.8)
_z910.4(4)(086.8)
080 _aФилмова информация. Кинохроники
_b791.43-92
_x
_z791.43-92
700 1 _aПалин, Майкъл
_epresente par
_9387867
139 _aНеобикновените пътешествия на Майкъл Палин[видео DVD]
_bН 57
245 1 0 _aНеобикновените пътешествия на Майкъл Палин[видео DVD]
_bDVD 1 -
_cpresente par Майкъл Палин.
_nDVD 6
_pДивият Изток ; От Дунав до Днепър
257 _aGBR
260 София
_bв. Капитал
_c2007 -
300 _c12 см
306 _bф
380 _a7
490 1 _aНова Европа
_v2
500 _aДигитално изд. на BBC. - Субтитри на бълг. ез. МК № 53005 (6) / 30.01.2008.
650 4 _aПътешествия
_9168587
651 4 _aЕвропа
_9244407
653 _aпътешествия
760 1 _d2008
_h(4,21 GB)
_tDVD 6 Дивият Изток ; От Дунав до Днепър
852 _aЦб CD 2879
_p0
856 4 _qpdf
_u
856 4 _qpdf
_u
942 _cCDD
_n0
944 _aCR
_c29.06.2011
_kЛюдмила_Стоянова
944 _aED
_c26.09.2013
_k
999 _c223067
_d223067